000 00760cam a2200241 4500
001 WB3605-25
008 000000n2000 000 0 eng u
035 _a(Sirsi) u103952
245 _a'Worst case' view sees net slashing property demand
260 _c2000
490 _aEstates Gazette
_v (0004) 29 January 2000, 43(1)
520 _aWarns that e-commerce and the internet could pose a real threat to the commercial property sector, due to a demand for less space.
590 _aWB
650 _aE-COMMERCE
650 _aPROPERTY-COMMERCIAL PROPERTY
650 _aRETAIL PROPERTY
650 _aOFFICES
650 _aSUPPLY AND DEMAND
650 _aINTERNET
650 _aFORECASTS
690 _aINFORMATION TECHNOLOGY-INTERNET
942 _n0
999 _c62388
_d62388